| 000 | 00345nam a2200133Ia 4500 | ||
|---|---|---|---|
| 008 | 230104s9999||||xx |||||||||||||| ||und|| | ||
| 020 | _a52158275 | ||
| 040 | _cChuka University Library | ||
| 050 |
_aQA 76.76 _bC65A67 1997 |
||
| 100 |
_aAppel, A.W. _93177 |
||
| 245 | 0 | _aModern Compiler Implementation | |
| 260 |
_acu _bnew york _c1997 |
||
| 942 | _cBK | ||
| 999 |
_c4931 _d4931 |
||